| 000 | 00363nam a2200133Ia 4500 | ||
|---|---|---|---|
| 008 | 150202s9999 xx 000 0 und d | ||
| 020 | _a671520458 | ||
| 050 |
_aFIC _bFIC |
||
| 100 | _aCarey, Diane. | ||
| 245 |
_aStar trek : _bfirst frontier / _cDiane Carey. |
||
| 260 |
_aNew York : _bPocket Books, _c1995. |
||
| 300 |
_a383 pages : _c18 cm. |
||
| 650 | _aFiction. | ||
| 999 |
_c281901 _d281901 |
||